| 000 | 01163cam a22003497i 4500 | ||
|---|---|---|---|
| 999 |
_c7684 _d7684 |
||
| 003 | OSt | ||
| 005 | 20200317154158.0 | ||
| 008 | 170527s2017 sz aef b 000 0 eng d | ||
| 020 |
_a9783035611175 _q(pbk.) |
||
| 041 | 1 | _aeng | |
| 082 | 0 | 4 |
_a701.03 _223 _bANT |
| 245 | 0 | 0 |
_aSocial design - urban change : _barts as urban innovation / _cAnton Falkeis (ed.) ; translation from German into English: Janima Nam, Camilla Nielsen. |
| 246 | 3 | 8 | _aUrban change |
| 300 |
_a160 pages, 24 unnumbered pages of plates : _billustrations (some color), plans ; _c24 cm |
||
| 490 | 1 |
_aEdition Angewandte, _x1866-248X |
|
| 504 | _aIncludes bibliographical references. | ||
| 650 | 0 | _aArt and society. | |
| 650 | 0 | _aUrbanization. | |
| 650 | 7 |
_aArt and society. _2fast |
|
| 650 | 7 |
_aUrbanization. _2fast |
|
| 650 | 7 |
_aStadtentwicklung _2gnd |
|
| 650 | 7 |
_aVerstädterung _2gnd |
|
| 650 | 7 |
_aSozialer Wandel _2gnd |
|
| 650 | 7 |
_aStadtplanung _2gnd |
|
| 650 | 7 |
_aInnovationspotenzial _2gnd |
|
| 650 | 7 |
_aArchitektur _2gnd |
|
| 650 | 7 |
_aKünste _2gnd |
|
| 650 | 7 |
_aDesign _2gnd |
|
| 700 | 1 | _aFalkeis, Anton. | |
| 830 | 0 | _aEdition Die Angewandte, University Press. | |
| 942 | _2ddc | ||